000 00292nam a2200121Ia 4500
008 220204s9999 xx 000 0 und d
082 _a007
_bRAN
100 _aRANGASWAMI PARTHASARATHY
245 0 _aBasic journalism
260 _aIndia
_bMacmillan
_c1984
650 _aJournalism
942 _cBK
999 _c38417
_d38417